00924 2200313 4500001002100000005001500021035002500036008004100061020002200102040001200124041000800136082001200144084001400156090001800170090002200188100002700210245012300237250002300360260003300383300004800416504002600464650001900490700001300509700001000522850001200532999002200544990002200566990002200588INLIS00000000003527220191024085117 a0010-041800000000451180405s ind  a978-602-407-209-4 aYOPDYOG0 aind04223a420 a420 Nid L aDEP 420 Nid L aCB-D.11 2017-15650 aNIDHOM KHOERON,d1992-1 aLet's talk, kids! :bkecil-kecil jago ngomong bahasa Inggris /cNidhom Khoeron; penyunting, L. Edib; ilustrator, Wiwid aCetakan tahun 2017 aYogyakarta :bLaksana,c2017 a106 halaman :bilustrasi berwarna ;c24 cm. aBibliografi: hlm. 106 4aBahasa Inggris0 aEDIB, L.0 aWIWID aYOPDYOG aCB-D.11/2017-1565 aCB-D.11/2017-1565 aCB-D.11/2017-1565